000 00718nam a2200241 i 4500
001 C2-0300666
003 PPAK
005 20180728082144.0
008 091111s2007 my a|||| ||||| | may d
020 _a9789834372514
040 _aPPAK
_beng
_cPPAK
_erda
082 0 4 _a899.23301
_223
090 0 0 _a899.23301
_bAHM
_dG
100 0 _aAhmad Lutfi bin Abdul Wahab,
_eauthor
245 1 0 _aWarisan Pedang Rasulullah saw dan para sahabat
264 1 _aKota Damansara, Selangor :
_bD'Aquarian ,
_c2007
300 _a120 pages :
_bcolour illustrations ;
_c23 cm
336 _2rdacontent
_atext
337 _2rdamedia
_aunmediated
338 _2rdacarrier
_avolume
650 1 0 _aShort stories, Malay.
942 _ddc
_cB
999 _c104537
_d104537